An illustrated guide to the state of health of trees : Recognition and interpretation of symptoms and damage

Spremljeno u:
Bibliografski detalji
Glavni autor: Boa, Eric
Format: Knjiga
Jezik:Undetermined
Izdano: Rome, Italy FAO 2003
Teme:
Oznake: Dodaj oznaku
Bez oznaka, Budi prvi tko označuje ovaj zapis!
Thư viện lưu trữ: Trung tâm Học liệu Trường Đại học Cần Thơ
LEADER 00545nam a2200193Ia 4500
001 CTU_69591
008 210402s9999 xx 000 0 und d
082 |a 632 
082 |b B662 
100 |a Boa, Eric 
245 3 |a An illustrated guide to the state of health of trees : 
245 0 |b Recognition and interpretation of symptoms and damage 
245 0 |c Eric Boa 
260 |a Rome, Italy 
260 |b FAO 
260 |c 2003 
650 |a Plant diseases 
904 |i Minh, Năm 
980 |a Trung tâm Học liệu Trường Đại học Cần Thơ